Critical review of thhe techniques for testing insecticides (Record no. 22526)

MARC details
000 -LEADER
fixed length control field 00336nam a2200121Ia 4500
082 ## - DEWEY DECIMAL CLASSIFICATION NUMBER
Classification number 632.951
Item number BUS
100 ## - MAIN ENTRY--AUTHOR NAME
Personal name BUSVINE, James R
245 #0 - TITLE STATEMENT
Title Critical review of thhe techniques for testing insecticides
260 ## - PUBLICATION, DISTRIBUTION, ETC. (IMPRINT)
Place of publication England
Name of publisher CAB
Year of publication 1971
650 ## - SUBJECT ADDED ENTRY--TOPICAL TERM
Topical Term Insecticide testing
942 ## - ADDED ENTRY ELEMENTS (KOHA)
Koha item type Books
Holdings
Withdrawn status Lost status Damaged status Not for loan Home library Current library Date acquired Full call number Accession Number Koha item type
        RRII Library RRII Library 16/12/2021 632.951 BUS 03246 Books